[Event "HUN-ch Rapid 2018"]
[Site "Ajka"]
[Date "2018.07.20"]
[Round "3"]
[White "Papp, Gabor"]
[Black "Hoang, Thanh Trang"]
[Result "1-0"]
[WhiteElo "2574"]
[BlackElo "2351"]
[Annotator "TA"]
[PlyCount "73"]
[EventDate "2018.07.20"]
[EventType "swiss"]
[EventCountry "HUN"]
[SourceTitle "playchess.com"]
[Source "ChessBase"]
[SourceQuality "1"]

{[%evp 17,73,-25,-25,-55,-33,-47,0,0,0,-35,35,0,12,-13,-10,-65,0,-72,-78,-79,-85,-79,-77,-102,-81,-84,-22,-40,-12,-44,0,0,29,36,22,25,27,25,29,26,34,0,28,37,66,0,0,0,1175,1148,1328,1304,1043,725,953,950,29997,29998]} 1. e4 e6 2. d4 d5 3. Nd2 Be7 4. Bd3 c5 5. dxc5 Nf6 6. Qe2 O-O 7. Ngf3 {C03: French Tarrasch: Unusual Black 3rd moves} a5 8. e5 (8. O-O Na6 9. e5 Nd7 10. c4 Ndxc5 11. Bb1 d4 12. Rd1 d3 13. Qe3 b6 14. Ne1 Bb7 15. Nxd3 {½-½ (57) Liang,A (2552)-So,W (2786) Saint Louis 2018}) 8... Nfd7 9. h4 h6 {LiveBook: 9 Games} ({Don't go for} 9... Bxc5 $2 10. Bxh7+ Kh8 11. Ng5 $18) 10. Nf1 {[%cal Bd2f1,Bf1g3,Bg3h5,Bh5f4][%mdl 32]} Nc6 11. Ng3 Nxc5 12. Nh5 Nxd3+ 13. cxd3 f5 ({Black should try} 13... f6 $15) 14. Nf4 $146 ({Predecessor:} 14. Rg1 Qe8 {0-1 (27) Brunello,M (2307)-Hoolt,S (2393) Stary Smokovec 2018}) 14... Bc5 15. Ng6 Rf7 16. Rh3 (16. h5 $11) 16... Ne7 (16... Rc7 $15) 17. Rg3 (17. Nf4 $11) 17... Nxg6 $17 18. Rxg6 Kh7 19. h5 Bd7 20. Be3 Bb4+ 21. Kf1 Ra6 (21... f4 $17 22. a3 Bf8) 22. Kg1 f4 23. Bd2 Bxd2 24. Qxd2 Rf5 25. Rg4 Be8 26. Rxf4 Rxf4 27. Qxf4 Bxh5 28. Nd4 Bg6 29. Rc1 Rb6 30. b3 Bxd3 31. Qf7 (31. Qd2 $14 Be4 32. f3) 31... Qg5 $11 32. Rc8 $40 {[%mdl 128] White mounts an attack.} Qxe5 $2 {[%mdl 8192]} (32... Be4 $11 33. Qg8+ Kg6 34. Qe8+ Kh7 35. Qg8+ Kg6 36. Qe8+ Kh7 37. Qg8+) 33. Nf3 $18 ({Stronger than} 33. Qg8+ Kg6 $11) 33... Qa1+ 34. Kh2 {White threatens Ng5+! and mate.} Qf6 {[#]} 35. Qg8+ $1 Kg6 36. Rf8 Qc3 37. Qf7+ {Precision: White = 37%, Black = 32%.} 1-0

[Event "HUN-ch Rapid 2018"]
[Site "Ajka"]
[Date "2018.07.20"]
[Round "3"]
[White "Medvegy, Zoltan"]
[Black "Deak, Sandor"]
[Result "1-0"]
[WhiteElo "2542"]
[BlackElo "2335"]
[Annotator "TA"]
[PlyCount "43"]
[EventDate "2018.07.20"]
[EventType "swiss"]
[EventCountry "HUN"]
[SourceTitle "playchess.com"]
[Source "ChessBase"]
[SourceQuality "1"]

{[%evp 19,43,33,43,39,84,83,81,83,95,84,94,81,158,155,157,160,151,163,159,155,276,298,346,363,647,572]} 1. c4 c5 2. g3 Nf6 3. Bg2 d5 4. cxd5 Nxd5 5. Nc3 Nc7 6. d3 Nc6 7. Bxc6+ {A34: Symmetrical English: 2 Nc3, lines with ...d5} bxc6 8. Qa4 Bd7 9. Nf3 f6 10. Be3 e5 {LiveBook: 4 Games} 11. Qa5 Qb8 $146 ({Predecessor:} 11... Ne6 12. Qxd8+ Rxd8 13. Rc1 Nd4 14. Nd2 Be6 {1-0 (27) Nevednichy,V (2534)-Daurelle,H (2268) Aix les Bains 2011}) 12. Bxc5 Bxc5 13. Qxc5 Ne6 14. Qa3 c5 15. Ne4 Bc6 (15... O-O $142) 16. Nxc5 $16 Nxc5 17. Qxc5 Bxf3 18. exf3 Qxb2 19. O-O Qb6 {[#]} (19... Qd4 $16 20. Qxd4 exd4) 20. Qc4 $1 $18 Qd4 21. Qe6+ Kf8 $2 (21... Kd8 22. Rab1 Re8) 22. Rac1 1-0

[Event "HUN-ch Rapid 2018"]
[Site "Ajka"]
[Date "2018.07.20"]
[Round "3"]
[White "Czebe, Attila"]
[Black "Csonka, Balazs"]
[Result "1/2-1/2"]
[WhiteElo "2488"]
[BlackElo "2311"]
[Annotator "TA"]
[PlyCount "95"]
[EventDate "2018.07.20"]
[EventType "swiss"]
[EventCountry "HUN"]
[SourceTitle "playchess.com"]
[Source "ChessBase"]
[SourceQuality "1"]

{[%evp 17,95,16,17,12,10,0,-5,-19,-23,-27,-18,-18,-18,-43,0,-6,-10,-13,0,0,0,-9,0,0,0,0,0,0,0,0,0,0,0,0,0,-2,0,0,0,0,0,0,0,0,0,0,0,0,0,0,0,0,3,0,0,0,0,0,0,-8,0,0,0,0,25,25,33,0,0,0,8,0,0,0,0,0,0,0,0,0]} 1. Nf3 d5 2. g3 c5 3. Bg2 Nc6 4. d4 Nf6 5. O-O cxd4 6. Nxd4 e5 7. Nxc6 bxc6 8. c4 Be6 9. Bg5 {D02: Damenbauernspiele} Rc8 {LiveBook: 6 Partien} 10. cxd5 cxd5 11. Qa4+ $146 ({Vorgänger:} 11. e3 Be7 12. Nc3 e4 13. Qd2 h6 14. Bxf6 Bxf6 15. Rac1 O-O 16. Rfd1 Bg4 17. Rf1 Be6 18. Rfd1 Bg4 19. Rf1 Be6 20. Rfd1 Bg4 {½-½ (20) Bluebaum,M (2642)-Ragger,M (2700) Germany 2016}) 11... Qd7 $1 {[%cal Rd7a4]} 12. Qxd7+ Nxd7 13. Nc3 f6 14. Bd2 d4 15. Na4 Nc5 16. Nxc5 Bxc5 17. Rfc1 Kd7 18. b4 Bd6 19. b5 Ba3 20. Rc6 Rxc6 21. bxc6+ Kd6 22. Rb1 Bd5 23. c7 Rc8 24. Rb8 Be6 25. Ba5 Bc5 26. Be4 $132 {[%mdl 2048] Weiss is not keeping still} h6 27. Bd3 Bb6 28. Bxb6 axb6 29. Rxb6+ $11 {[%mdl 4096] Endspiel KTL-KTL} Ke7 30. a4 Rxc7 31. f3 Bc4 32. Bxc4 Rxc4 {KT-KT} 33. a5 Ra4 34. a6 Kf7 35. g4 Kg6 36. Kf2 Ra2 37. Ke1 Kg5 38. Rd6 Kf4 {[#] Weiss muss nun ...Ke3 beachten.} 39. Kf2 Kg5 40. Rd7 Rxa6 41. Rxg7+ Kf4 42. Rd7 Ra2 {Die Stellung ist ausgeglichen.} 43. h4 Ra8 44. Rd6 {[%cal Rd6f6] [#]} Rf8 45. Ra6 {Ta4 ist eine echte Drohung.} h5 46. gxh5 Kf5 47. e4+ dxe3+ $1 48. Kxe3 {Precision: Weiß = 70%, Schwarz = 76%.} 1/2-1/2

[Event "HUN-ch Rapid 2018"]
[Site "Ajka"]
[Date "2018.07.20"]
[Round "3"]
[White "Nemeth, Miklos"]
[Black "Jakab, Attila"]
[Result "1-0"]
[WhiteElo "2469"]
[BlackElo "2363"]
[Annotator "TA"]
[PlyCount "125"]
[EventDate "2018.07.20"]
[EventType "swiss"]
[EventCountry "HUN"]
[SourceTitle "playchess.com"]
[Source "ChessBase"]
[SourceQuality "1"]

{[%evp 22,125,0,0,0,0,0,0,-12,-12,-6,-25,-37,-31,-21,-50,-39,-32,-29,-43,-49,-52,-38,-50,-6,-46,-32,-51,-53,-110,-52,-56,-59,-80,-53,-84,-87,-208,-197,-211,-194,-226,-227,-223,-215,-205,-112,-99,-102,-147,-73,-91,-60,-77,-59,-64,-59,-94,-17,-64,-58,-83,0,-41,-39,-104,0,0,0,0,0,0,0,0,0,0,0,0,0,0,0,0,0,0,0,0,0,0,279,308,384,0,633,633,602,592,594,573,593,559,559,544,29980,29981,29981,29981]} 1. e4 c5 2. Nf3 g6 3. c3 Bg7 4. d4 cxd4 5. cxd4 d5 6. e5 Bg4 7. Nc3 Nc6 8. Bb5 Rc8 {B27: Sizilianisch (Frühes Fianchetto)} (8... e6 9. O-O Nge7 10. h3 Bxf3 11. Qxf3 O-O 12. Qd3 Rc8 13. Be3 Na5 14. Qd2 Nf5 15. b3 Nc6 16. Ne2 Nxe3 17. fxe3 {0-1 (64) Koziak,V (2460)-Leon Hoyos,M (2570) Navalmoral 2010}) 9. h3 Bxf3 10. Qxf3 e6 11. O-O Nge7 12. Bg5 {LiveBook: 3 Partien} O-O 13. Bxc6 Rxc6 14. Nb5 a6 $146 ({Vorgänger:} 14... h6 15. Bxe7 Qxe7 16. Nxa7 {0-1 (46) Petrenko,S (2223)-Jicman,L (2187) Brasov 2011}) 15. Nc3 h6 {[%cal Bh7h6,Bh6h5,Bh5h4][%mdl 32]} 16. Bxe7 (16. Be3 {feels hotter.} f6 17. exf6 Bxf6 18. Qd1 Nf5 19. Rc1) 16... Qxe7 17. Qe3 h5 18. f4 h4 19. Rf2 Rfc8 20. Qf3 b5 21. Rd1 Rc4 22. Qg4 Rb8 23. Rd3 Kh7 24. b3 Rc6 25. f5 (25. Kh2 $15) 25... exf5 (25... gxf5 $17 26. Qh5+ Bh6) 26. Qf3 Rbc8 27. Nxd5 Qg5 28. Nf4 Bh6 29. Ne2 (29. Rf1 $17 {kämpft weiter.}) 29... Rc2 $19 30. d5 Qe7 31. d6 Qxe5 32. d7 Rd8 33. Nc3 Rxf2 (33... Qc5 $19 34. Kf1 Rc1+ 35. Nd1 Qb6) 34. Kxf2 $17 Bf8 35. Kf1 {[#]} Kg7 (35... Bb4 $142 $1 {[%cal Rb4c3] Und weiter mit ...Lxc3 wäre nett.} 36. Qc6 Bxc3 37. Qxc3 Qxc3 38. Rxc3 Rxd7) 36. Rd5 Qc7 {Weiss muss nun ...Lb4 beachten.} 37. Qd3 Be7 38. Ne2 Bf6 39. Rd6 Qc5 (39... Be5 $17 40. Rd5 Kf6) 40. Rd5 (40. Rxa6 Be5 $17) 40... Qc6 41. Rd6 Qc5 42. Rd5 ({Natürlich nicht} 42. Rxa6 Be5 $17) 42... Qa3 43. Qd2 {[#]} ({Besser ist} 43. Qd1 $15) 43... Qe7 ({Lieber} 43... Qb2 $1 $17 44. Qa5 Bg5) 44. Nd4 $1 $11 {[%cal Rd4c6]} Qe4 45. Nc6 {[#]} Rxd7 $1 {[%mdl 512]} 46. Rxd7 {Droht Sd8 und aus.} Qxc6 {[%mdl 4096] Endspiel KDT-KDL} 47. a3 Qe4 48. b4 Be5 49. Qd5 $36 {[%mdl 2048] Weiss steht aktiver.} Qb1+ $1 50. Ke2 Qb2+ 51. Kf1 Qb1+ 52. Qd1 Qe4 53. Qd3 {Droht stark Dxe4.} Qf4+ 54. Ke2 Bf6 $2 {[%mdl 8192]} (54... Qg5 $11 {und Schwarz steht sicher.} 55. Qd5 Qf6) 55. Qd5 $18 Kh6 56. Rxf7 $2 (56. Qd2 $18 Qg5 57. Qxg5+ (57. Rxf7 f4 $16) 57... Kxg5 58. Rd6 (58. Rxf7 Bb2 $16)) 56... Kg5 $2 {[%mdl 8192]} (56... Bd4 $11 57. Qf3 Qd6) 57. Qd2 Qxd2+ 58. Kxd2 {KT-KL} Bb2 59. Ra7 Bxa3 60. Kc3 Kf4 61. Rxa6 g5 62. Rxa3 Kg3 63. Ra2 {Precision: Weiß = 45%, Schwarz = 50%.} 1-0

[Event "HUN-ch Rapid 2018"]
[Site "Ajka"]
[Date "2018.07.20"]
[Round "3"]
[White "Groszpeter, Attila"]
[Black "Lehocz, Jozsef"]
[Result "1-0"]
[WhiteElo "2438"]
[BlackElo "1945"]
[Annotator "TA"]
[PlyCount "93"]
[EventDate "2018.07.20"]
[EventType "swiss"]
[EventCountry "HUN"]
[SourceTitle "playchess.com"]
[Source "ChessBase"]
[SourceQuality "1"]

{[%evp 11,93,51,49,27,62,58,73,68,77,75,74,63,177,157,123,123,132,81,69,75,76,39,24,0,62,4,140,125,151,70,43,44,46,-27,34,39,81,99,61,74,78,82,86,85,100,96,109,44,54,47,136,108,236,231,337,335,337,333,316,321,319,310,873,856,1630,1518,1443,1329,1400,1274,29987,29981,29981,29981,29978,5687,1481,0,29978,29979,29987,29988,29993,29994]} 1. e4 b6 2. d4 Bb7 3. Nd2 e6 4. Ngf3 g6 5. Bd3 Bg7 6. O-O {B00: Queen's Fianchetto Defence, Nimzowitsch Defence} (6. c3 d6 7. Qe2 a6 8. O-O Nd7 9. Re1 Ne7 10. a3 h6 11. h3 O-O 12. Nf1 {0-1 (55) Karr,J (2366)-Bauer,C (2634) Drancy 2016}) 6... Ne7 {LiveBook: 5 Games} 7. e5 d5 8. c3 {White is slightly better.} Nd7 9. Re1 c5 10. Nf1 $146 {[%cal Bd2f1,Bf1g3,Bg3h5][%mdl 32]} ({Predecessor:} 10. b3 cxd4 11. cxd4 O-O {1-0 (69) Maechler,F (1840)-Pedrazzi,P (1468) Kaltern 2017}) 10... h6 11. Ng3 Nf5 (11... a6 $14) 12. Bxf5 $18 gxf5 13. Nh5 Bf8 14. dxc5 (14. Bf4 $142) 14... bxc5 $16 15. Qa4 Be7 16. b4 (16. Nf6+ $5 Bxf6 17. exf6 $14) 16... Kf8 17. Bf4 Nb6 (17... d4 $11) 18. Qb3 (18. Qd1 $14) 18... cxb4 (18... d4 $1 $11 {keeps the balance.}) 19. cxb4 Bg5 20. Bxg5 ({White should play} 20. Nd4 $16) 20... hxg5 $14 21. Nf6 g4 22. Ng5 ({Better is} 22. Nd4 $14) 22... Nd7 (22... Kg7 $1 $11) 23. Ngh7+ $1 Rxh7 24. Nxh7+ Kg7 {[#]} 25. Nf6 $1 Nxf6 26. exf6+ Qxf6 27. Rac1 $36 {[%mdl 2048] Strongly threatening Rc7. White has strong initiative.} d4 28. Qg3 Rd8 29. Red1 (29. h3 $16) 29... Ba6 30. Rd2 Rd5 (30... e5 $14) 31. h3 $16 Qg5 (31... e5 $16) 32. f4 $18 Qg6 (32... Qd8 $142 33. a4 Kf8 34. hxg4 fxg4 35. Qxg4 d3) 33. a4 Rd7 34. Rcd1 Bb7 35. Rxd4 Bd5 36. hxg4 fxg4 $2 {[#]} (36... Qxg4 37. Qxg4+ fxg4) 37. f5 $1 Qxf5 (37... exf5 38. Rxd5) 38. Rxg4+ Kf8 39. Rg8+ Ke7 40. Rf1 Qh5 41. Qg7 {[%csl Gg8][%cal Rg7f8]} Kd6 42. Qf8+ Ke5 43. Re1+ (43. Qb8+ $142 Kd4 44. Qf4+ Be4 45. Rg5 Qxg5 46. Qxg5 Rd5 47. Qd2+ Bd3 48. Rf4+ Ke5 49. Qe3+ Kd6 50. Rxf7) 43... Kf6 44. Rf1+ (44. Qc8 $18) 44... Ke5 45. Qb8+ {White mates.} Kd4 46. Qf4+ Kd3 47. Rg3+ {Precision: White = 57%, Black = 31%.} 1-0

[Event "HUN-ch Rapid 2018"]
[Site "Ajka"]
[Date "2018.07.20"]
[Round "3"]
[White "Csiszar, Csaba"]
[Black "Papp, Petra"]
[Result "1-0"]
[WhiteElo "2432"]
[BlackElo "2287"]
[Annotator "TA"]
[PlyCount "73"]
[EventDate "2018.07.20"]
[EventType "swiss"]
[EventCountry "HUN"]
[SourceTitle "playchess.com"]
[Source "ChessBase"]
[SourceQuality "1"]

{[%evp 9,73,12,15,0,10,9,51,50,47,54,51,62,54,52,59,47,66,55,58,62,59,77,85,69,62,29,36,29,89,80,95,85,101,85,89,6,20,15,97,21,17,41,26,-9,0,0,58,35,80,85,123,122,123,91,131,37,259,233,433,422,935,947,29991,29992,29992,29993]} 1. d4 Nf6 2. Nf3 g6 3. c4 Bg7 4. d5 (4. e3 O-O 5. Be2 c5 6. d5 d6 7. Nc3 e6 8. O-O exd5 9. cxd5 Na6 10. Nd2 Re8 11. e4 Rb8 12. a4 Nb4 13. f3 Nd7 14. Kh1 a6 15. a5 b5 {½-½ (43) Caruana,F (2816)-Vachier Lagrave,M (2789) Leuven 2018}) 4... e6 5. Nc3 exd5 6. cxd5 {E60: Königsindisch (ohne Sc3)} d6 7. e4 $146 ({Vorgänger:} 7. g3 O-O 8. Bg2 Nbd7 9. O-O Nc5 10. Be3 Re8 11. Bd4 a5 12. Re1 {0-1 (43) Rytov,B-Ludolph,J Tartu 1972}) 7... Qe7 8. Bd3 $1 {Weiß steht etwas besser.} Nbd7 9. O-O Nc5 10. Bb5+ Bd7 11. Bxd7+ Nfxd7 12. Bg5 Bf6 13. Bxf6 Nxf6 14. Qd4 O-O {[%cal Rf6e4]} 15. Rae1 Ncd7 16. Qb4 Nb6 17. a4 a5 18. Qd4 Nbd7 (18... Nfd7 $11 {hält das Gleichgewicht.}) 19. Nd2 $16 Rfe8 20. f4 c6 21. dxc6 bxc6 22. e5 (22. Nc4 $16) 22... dxe5 $11 23. fxe5 Nh5 {[#]} (23... Nd5 $1 $11) 24. Nc4 ({Besser ist} 24. g4 $1 $16 {Und weiter mit e6 wäre nett.} Ng7 25. Nce4) 24... Qc5 25. Qxc5 Nxc5 26. Rd1 Ng7 27. Rd6 $36 {[%mdl 2048] Weiss hat Initiative.} Re6 (27... Ra6 $1 $11) 28. Rfd1 $14 {Droht Td8+ und aus.} Nf5 29. Rd8+ Rxd8 30. Rxd8+ Kg7 31. Ra8 Nb3 32. Ne4 (32. Kf2 $16) 32... g5 $2 {[#]} ({Lieber} 32... Ne3 $1 $14 33. Ncd6 (33. Nxe3 Rxe5 34. Nd6 Rxe3 $15) 33... Rxe5) 33. g4 $18 (33. Nxg5 Re7 $18) 33... Nfd4 $2 (33... Ne7 {war einen Versuch wert.} 34. Ra7 (34. Nxg5 Rg6 $11) 34... Ng6) 34. Kf2 Re7 (34... Nc1 $142 35. h3 (35. Rxa5 Rh6 $16) 35... Re7 36. Nxg5 (36. Rxa5 Rb7 $18) 36... c5) 35. Nf6 Rxe5 36. Nh5+ Kh6 37. Nxe5 {Precision: Weiß = 55%, Schwarz = 27%.} 1-0

[Event "HUN-ch Rapid 2018"]
[Site "Ajka"]
[Date "2018.07.20"]
[Round "3"]
[White "Almasi, Istvan"]
[Black "Czupor, Attila"]
[Result "0-1"]
[WhiteElo "2416"]
[BlackElo "2045"]
[Annotator "TA"]
[PlyCount "70"]
[EventDate "2018.07.20"]
[EventType "swiss"]
[EventCountry "HUN"]
[SourceTitle "playchess.com"]
[Source "ChessBase"]
[SourceQuality "1"]

{[%evp 14,70,16,18,22,7,23,12,45,12,59,8,19,0,41,9,40,27,114,-9,-11,-15,-9,-10,0,-87,-7,-76,-87,-77,-89,-75,-59,-51,-72,-256,-235,-5297,-273,-452,-432,-404,-204,-420,-420,-378,0,0,785,-384,-379,-367,-380,-366,-341,-376,-370,-351,-331]} 1. Nf3 d5 2. c4 d4 3. b4 c5 4. Bb2 Nf6 (4... a5 5. bxc5 Nc6 6. d3 e5 7. Ba3 Nf6 8. Nbd2 Be7 9. g3 O-O 10. Bg2 Nd7 11. Ne4 Nb4 12. O-O {0-1 (64) Andreikin,D (2713)-Khairullin,I (2658) Khanty-Mansiysk 2013}) 5. e3 dxe3 6. fxe3 {A09: Reti-Eröffnung} cxb4 7. d4 e6 8. Bd3 {LiveBook: 3 Partien. Die Stellung ist ausgeglichen.} Be7 9. O-O b5 10. cxb5 $146 {Droht Se5.} ({Vorgänger:} 10. Ne5 Bb7 11. cxb5 Qd5 12. Qe2 Nbd7 13. e4 Qd6 14. Nxf7 Kxf7 {1-0 (23) Barcelo Pujadas,P (2243)-Pons,P (2270) Mallorca 2000}) 10... Bb7 11. Nbd2 {Schwarz sollte Se5 verhindern.} Nd5 12. Qe1 ({Besser ist} 12. Nc4 $14) 12... Nd7 13. Nc4 a6 14. Nce5 {Sxd7 ist eine echte Drohung.} (14. Ng5 {is more complex.} N5f6 15. e4 axb5 16. Ne3 Qb6 17. Kh1) 14... Nxe5 15. Nxe5 Bf6 (15... O-O $11) 16. bxa6 ({Günstiger ist} 16. Ng4 $16) 16... Bxa6 $11 17. Bxa6 Rxa6 18. Qe2 Rb6 19. Nc4 (19. a4 $11 {hält das Gleichgewicht.} Bxe5 20. dxe5) 19... Rb8 ({Lieber} 19... Rc6 $17 20. e4 Bxd4+ 21. Bxd4 Nf4) 20. e4 (20. a3 $11) 20... Nc3 $17 21. Bxc3 bxc3 22. d5 {Schwarz muss nun e5 beachten.} Bd4+ 23. Kh1 O-O $36 {[%mdl 2048] Weiss muss aufpassen.} 24. dxe6 $2 (24. Qd3 $17 exd5 25. Qxd4 dxc4 26. Qxc3) 24... fxe6 $19 25. Qg4 $2 (25. Qd3) 25... Rxf1+ (25... c2 $142 26. Qxe6+ Kh8) 26. Rxf1 {[#]} Qf6 $1 {[%cal Rf6f1][%mdl 512]} 27. Qe2 {[#]} (27. Rxf6 Rb1+) 27... Qe7 (27... c2 $142 $1 {[%mdl 512] ( -> ...Tb1)} 28. Nd2 (28. Rxf6 $2 Rb1+ 29. Rf1 c1=Q $19) (28. Qxc2 Qxf1#) 28... Qh6) 28. e5 $2 (28. Na5 {einziger Zug.} Qc7 29. Nb3) 28... Qc5 29. h3 Rc8 $2 (29... Rf8 $19 30. Rd1 Qd5) 30. Nd6 $11 {Droht stark Dg4.} c2 $2 {[%mdl 8192] [#]} (30... Rb8 $11 31. Qh5 h6 32. Qf7+ Kh7) 31. Nxc8 $4 {[%mdl 8192]} (31. Qg4 $1 $18 {[%cal Rg4e6]} Re8 32. Nxe8 Qxe5 {[#]} 33. Nxg7 $1 {[%mdl 512]} Qxg7 34. Qxe6+ Kh8 35. Qc8+ Qg8 36. Qxc2) 31... c1=Q $19 {Und weiter mit ...D1c3 wäre nett.} ({Aber nicht} 31... Qxc8 $2 32. Rc1 $18) 32. Ne7+ Kh8 33. Rxc1 Qxc1+ 34. Kh2 Bg1+ 35. Kg3 {beabsichtigt De4.} Qg5+ {Precision: Weiß = 26%, Schwarz = 23%.} 0-1

[Event "HUN-ch Rapid 2018"]
[Site "Ajka"]
[Date "2018.07.20"]
[Round "3"]
[White "Galyas, Miklos"]
[Black "Marton, Jozsef"]
[Result "1-0"]
[WhiteElo "2382"]
[BlackElo "2088"]
[Annotator "NA"]
[PlyCount "57"]
[EventDate "2018.07.20"]
[EventType "swiss"]
[EventCountry "HUN"]
[SourceTitle "playchess.com"]
[Source "ChessBase"]
[SourceQuality "1"]
[TimeControl "1200+5"]

1. d4 {[%emt 0:00:06]} d5 {[%emt 0:00:02]} 2. Bf4 {[%emt 0:00:02]} Nf6 {[%emt 0:00:07]} 3. e3 {[%emt 0:00:01]} e6 {[%emt 0:00:10]} 4. Nd2 {[%emt 0:00:04]} Be7 {[%emt 0:00:13]} 5. Bd3 {[%emt 0:00:06]} c5 {[%emt 0:00:02]} 6. c3 {[%emt 0:00:02]} Nc6 {[%emt 0:00:01]} 7. Ngf3 {[%emt 0:00:04]} O-O {[%emt 0:00:41]} 8. Ne5 {[%emt 0:00:15]} Nxe5 {[%emt 0:00:29]} 9. dxe5 {[%emt 0:00:02]} Nd7 {[%emt 0:00:01]} 10. h4 {[%emt 0:00:30]} f5 {[%emt 0:00:33]} 11. g4 {[%emt 0:00:09]} c4 {[%emt 0:00:42]} 12. Bc2 {[%emt 0:00:06]} Nc5 {[%emt 0:00:15]} 13. gxf5 {[%emt 0:00:05]} exf5 {[%emt 0:00:12]} 14. Nf3 {[%emt 0:00:26]} Ne4 {[%emt 0:01:12]} 15. Ng5 {[%emt 0:03:02]} h6 {[%emt 0:03:03]} 16. Qh5 {[%emt 0:02:44]} Qe8 {[%emt 0:00:46]} 17. Qxe8 {[%emt 0:00:03]} Rxe8 {[%emt 0:00:01]} 18. Nxe4 {[%emt 0:00:24]} dxe4 {[%emt 0:00:16]} 19. O-O-O {[%emt 0:01:34]} Be6 {[%emt 0:00:08]} 20. Rdg1 {[%emt 0:00:54]} Kf8 {[%emt 0:01:09]} 21. Rg6 {[%emt 0:00:22]} Bf7 {[%emt 0:00:36]} 22. Rg2 {[%emt 0:00:08]} Red8 {[%emt 0:01:50]} 23. Rhg1 {[%emt 0:00:24]} Bxh4 {[%emt 0:00:25]} 24. Rxg7 {[%emt 0:00:08]} Bxf2 {[%emt 0:01:10]} 25. R1g2 {[%emt 0:00:01]} Be1 {[%emt 0:01:40]} 26. Bxh6 {[%emt 0:00:14]} Rdc8 {[%emt 0:01:41]} 27. e6 {[%emt 0:00:14]} Bxe6 {[%emt 0:00:22]} 28. Rxb7+ {[%emt 0:00:07]} Ke8 {[%emt 0:00:12]} 29. Ba4+ {[%emt 0:00:01]} 1-0

[Event "HUN-ch Rapid 2018"]
[Site "Ajka"]
[Date "2018.07.20"]
[Round "3"]
[White "Dankhazi, Andras"]
[Black "Erdos, Viktor"]
[Result "0-1"]
[WhiteElo "2361"]
[BlackElo "2617"]
[Annotator "TA"]
[PlyCount "58"]
[EventDate "2018.07.20"]
[EventType "swiss"]
[EventCountry "HUN"]
[SourceTitle "playchess.com"]
[Source "ChessBase"]
[SourceQuality "1"]

{[%evp 16,58,22,27,20,27,31,27,25,16,64,21,21,23,30,14,60,22,20,19,231,229,214,18,29,0,0,0,0,0,0,0,0,0,0,-4,-3,-3,0,-10,0,-95,-108,-356,-348]} 1. d4 Nf6 2. c4 g6 3. g3 d5 4. cxd5 c6 5. Bg2 cxd5 6. Nc3 Bg7 7. Nf3 Ne4 {D73: Fianchetto Grünfeld: 5 Nf3} (7... O-O 8. Ne5 e6 9. O-O Nfd7 10. Nf3 Nc6 11. Bf4 a6 12. Rc1 Nb6 13. b3 Bd7 14. Qd2 Qe7 15. h4 Rfc8 16. Rfe1 Qb4 17. Red1 a5 18. h5 a4 {0-1 (58) Meier,G (2636)-Shirov,A (2644) Berlin 2018}) 8. Qa4+ Bd7 9. Qb3 {LiveBook: 3 Games} Nxc3 {White has an edge.} 10. bxc3 Bc6 11. Ne5 Bxe5 12. dxe5 d4 $146 ({Predecessor:} 12... O-O 13. Bh6 Re8 14. O-O e6 15. c4 dxc4 16. Qxc4 Bxg2 17. Kxg2 {1-0 (59) Szczepanski,Z (2457)-Bucek,J (2439) LSS email 2011}) 13. Bxc6+ Nxc6 {[%cal Bb8c6,Bc6d4,Bd4e2][%mdl 32]} 14. Qxb7 Rc8 15. cxd4 {aiming for Be3.} Nxd4 {...Nc2+ is the strong threat.} (15... Rc7 $5 {[%cal Rc7b7]} 16. Qb2 Nxd4 $11) 16. O-O {Hoping for Bh6.} Nxe2+ 17. Kg2 {Black must now prevent Qb5+.} Qd7 $2 (17... Nxc1 $11 18. Raxc1 (18. Rfxc1 Rxc1 19. Rxc1 O-O $14) 18... Rxc1 19. Rxc1 O-O) 18. Qxd7+ $18 Kxd7 {[#]} 19. Be3 $2 (19. e6+ $1 $18 {[%mdl 512]} Ke8 (19... Kxe6 20. Re1) 20. Be3) 19... Rc2 20. Bxa7 Ra8 $36 {[%mdl 2048] Black fights for an advantage.} 21. Be3 Raxa2 22. Rxa2 Rxa2 $11 {[%mdl 4096] Endgame KRB-KRN} 23. Rb1 Nc3 24. Rb7+ Ke6 25. Bd4 Nd5 26. Kf3 h5 {[%cal Bh7h5,Bh5h4,Bh4g3][%mdl 32]} 27. h3 Ra3+ 28. Ke2 {[#]} (28. Ke4 $1 $11 {remains equal.}) 28... h4 $1 $17 {[%cal Rh4g3][%mdl 512]} 29. Bb2 $2 (29. Ra7 $17 Rxa7 30. Bxa7) (29. gxh4 Nf4+) 29... hxg3 {Precision: White = 38%, Black = 62%.} 0-1

[Event "HUN-ch Rapid 2018"]
[Site "Ajka"]
[Date "2018.07.20"]
[Round "3"]
[White "Csonka, Attila Istvan"]
[Black "Ruck, Robert"]
[Result "1/2-1/2"]
[WhiteElo "2337"]
[BlackElo "2570"]
[Annotator "TA"]
[PlyCount "71"]
[EventDate "2018.07.20"]
[EventType "swiss"]
[EventCountry "HUN"]
[SourceTitle "playchess.com"]
[Source "ChessBase"]
[SourceQuality "1"]

{[%evp 19,71,0,0,-54,4,-29,-14,-27,-10,-14,-16,-30,-2,-13,-8,-38,-38,-91,-100,-114,-77,-64,-62,-72,-79,-85,-40,-37,0,0,0,0,7,7,7,7,9,15,33,7,2,0,0,0,0,0,0,0,0,0,0,0,0,0]} 1. e4 c6 2. d4 d5 3. Nc3 dxe4 4. Nxe4 Bf5 5. Ng3 Bg6 6. h4 h6 7. Nh3 Nf6 8. Nf4 {B18: Caro-Kann (Hauptvariante)} Bh7 9. c3 (9. Bc4 e6 10. c3 Nbd7 11. O-O Nb6 12. Bb3 Bd6 13. Qf3 O-O 14. Re1 Nbd5 15. Nd3 a5 16. a3 a4 17. Ba2 b5 18. Bd2 {1-0 (37) Mamedov,R (2689)-Deac,B (2572) Minsk 2017}) 9... e6 10. Nfh5 Nbd7 {LiveBook: 3 Partien} 11. Bf4 $146 (11. Bc4 $11) ({Vorgänger:} 11. Bc4 Nxh5 12. Nxh5 Nf6 13. Bf4 Bg6 14. Nxf6+ gxf6 {1-0 (38) Klepikov,N (2305)-Lovkov,R (2421) St Petersburg 2017}) 11... Qa5 (11... Nd5 $15 12. Bc1 e5 13. dxe5 Nxe5) 12. Nxf6+ (12. Bc4 {keeps more tension.} Qb6 13. Nxf6+ Nxf6 14. Qe2 Be7 15. Be5) 12... Nxf6 13. Bd3 Bxd3 14. Qxd3 Rd8 15. Qe2 Be7 16. O-O O-O 17. Be5 Nd7 18. Nh5 (18. b4 $15 Qb5 19. c4) 18... Nxe5 $17 19. dxe5 g6 ({Natürlich nicht} 19... Bxh4 $6 20. Qg4 $14) 20. Nf4 Bxh4 21. Qe4 $1 {[#] Und Sxg6 würde nun gewinnen.} Kh7 22. Nxg6 fxg6 23. Qxh4 Qxe5 24. Qe7+ Qg7 25. Qxe6 Rd2 26. Rad1 Rfd8 $132 {[%mdl 2048] Schwarz puts up resistance} 27. Rxd2 Rxd2 $11 {[%mdl 4096] Endspiel KDT-KDT} 28. Re1 h5 ({Aber nicht} 28... Rxb2 $2 29. Qe8 $18) 29. Qe8 {[#] Te7 ist eine echte Drohung.} (29. Qe7 {is interesting.} Rd7 30. Qc5 a6 31. Re4 Rf7 32. b3) 29... Rd7 $1 {Die Stellung ist ausgeglichen.} 30. g3 Qf7 31. Qxf7+ Rxf7 32. Rd1 Kg7 33. Rd6 Rf6 34. Rd7+ Rf7 35. Rd6 Rf6 36. Rd7+ {Precision: Weiß = 55%, Schwarz = 49%.} 1/2-1/2